Super Mario Galaxy 2 galaxies - Statistics

General Stats
  • This quiz has been taken 248 times
  • The average score is 22 of 49
Answer Stats
Hint Answer % Correct
W1 Sky Station
77%
W1 Yoshi Star
73%
WS Grandmaster
64%
W2 Puzzle Plank
64%
W1 Fluffy Bluff
60%
W1 Spin-Dig
59%
W6 Throwback
59%
W3 Cloudy Court
58%
W1 Flip-Swap
58%
W1 Rightside Down
55%
W4 Chompworks
52%
W2 Cosmic Cove
51%
W5 Shiverburn
51%
W6 Melty Monster
50%
WS Boss Blitz
49%
W6 Bowser's Galaxy Generator
49%
W3 Tall Trunk
49%
W3 Haunty Halls
48%
W2 Hightail Falls
47%
W4 Supermassive
47%
W4 Starshine Beach
46%
W3 Beat Block
45%
W1 Bowser Jr's Fiery Flotilla
45%
W5 Fleet Glide
44%
W5 Boo Moon
43%
W4 Honeyhop
43%
WS Mario Squared
43%
W3 Rolling Masterpiece
43%
W6 Slimy Spring
43%
W5 Upside Dizzy
43%
W4 Flipsville
41%
W6 Battle Belt
40%
W2 Honeybloom
40%
W5 Space Storm
40%
WS Stone Cyclone
40%
W4 Sweet Mystery
40%
W2 Boulder Bowl
39%
W6 Clockwork Ruins
39%
W3 Freezy Flake
39%
W2 Wild Glide
39%
W5 Slipsand
38%
W2 Bowser's Lava Lair
33%
W6 Flash Black
32%
WS Twisty Trials
32%
W4 Bowser's Gravity Gauntlet
31%
WS Flip Out
30%
W5 Bowser Jr's Boom Bunker
28%
WS Rolling Coaster
28%
W3 Bowser Jr's Fearsome Fleet
27%
No matching quizzes found
Score Distribution
Percent of People with Each Score
Percentile by Number Answered
Your Score History
You have not taken this quiz